Normal view
MARC view
- Finance, Personal
Entry Topical Term
001 - CONTROL NUMBER
- control field: 105069
003 - CONTROL NUMBER IDENTIFIER
- control field: NUST
005 - DATE AND TIME OF LATEST TRANSACTION
- control field: 20221216123953.0
008 - FIXED-LENGTH DATA ELEMENTS
- fixed length control field: 221216|| aca||aabn | a|a d
040 ## - CATALOGING SOURCE
- Original cataloging agency: NUST
- Transcribing agency: NUST
150 ## - HEADING--TOPICAL TERM
- Topical term or geographic name entry element: Finance, Personal
- General subdivision: Computer programs
670 ## - SOURCE DATA FOUND
- Source citation: Work cat.: (NUST)185850: O'Brien, Stephen K. 105068, Quicken 6-in-1 /, c1996.
